000 01686cam a22003737a 4500
003 CHAP
005 20220329141042.0
008 971013m1996 mx rs 00110 spa d
010 _a61918
011 _a62890
035 _a67066
040 _cCHAP
082 0 4 _a312.0972
_bI57 1995 Chih.
110 2 _aInstituto Nacional de Estadística, Geografía e Informática. México
_959304
245 1 0 _aConteo de población y vivienda 1995 :
_bChihuahua : resultados definitivos
_c/por Instituto Nacional de Estadística, Geografía e Informática
260 _aAguascalientes, Ags. :
_bInstituto Nacional de Estadística, Geografía e Informática,
_c1996-19 .
300 _av.
500 _aLa biblioteca tiene: v.1 Tabulados básicos--v.2 Perfil sociodemográfico
590 _aBATCH-UPD
_b10
_c20130110
_lUCH01
_h2212
590 _aBATCH-UPD
_b10
_c20130409
_lUCH01
_h2356
590 _aBATCH-UPD
_b10
_c20130410
_lUCH01
_h1514
590 _aBATCH-UPD
_b10
_c20130914
_lUCH01
_h1821
590 _aCONVERSION
_b10
_c20130109
_lUCH01
_h1333
650 1 4 _aMéxico
_xCensos (1995)
_976663
650 1 4 _aPoblación
_xEstadísticas
_zChihuahua.
_989375
650 1 4 _aPoblación
_zChihuahua.
_989418
650 1 4 _aVivienda
_xChihuahua.
_9120125
901 _aBK
942 _cLIBRO
949 _a312.0972 I57 1995 Chih.
_bBC
_cINEGI
_d33724000626669
_eINEGI
_fv.1
_h91452
_i67066
_si
_t66.00
949 _a312.0972 I57 1995 Chih.
_bBC
_cINEGI
_d33724000701835
_eINEGI
_fv.2
_h93942
_i67066
_sb
949 _a312.0972 I57 1995 Chih.
_bBC
_cINEGI
_d33724000841896
_eINEGI
_fv.1 c.2
_gDonaciØn
_h100501
_i67066
_sb
949 _a312.0972 I57 1995 Chih.
_bBC
_cINEGI
_d33724000846259
_eINEGI
_fv.2 c.2
_gDonaciØn
_h101266
_i67066
_sb
999 _c61918
_d61918